| 000 | 00983cam a2200289 4500 | ||
|---|---|---|---|
| 008 | 010921n2001 000 0 eng u | ||
| 020 | _a1840149965 | ||
| 035 | _a(Sirsi) u114693 | ||
| 050 | _a333.769415 | ||
| 100 | _aMcDonagh, J. | ||
| 245 | _aRenegotiating rural development in Ireland | ||
| 260 |
_aHampshire _bAshgate Publishing _c2001 |
||
| 300 | _aix, 235p. ; 24cm. | ||
| 350 | _a39.50 | ||
| 520 | _aWritten at a time when rural Ireland is undergoing deep-reaching changes, this book assesses what the author terms the "renegotiation or rural development" in Ireland through the repackaging, reproduction and representation of suggestions, ideas and alternatives to rural renewal. | ||
| 650 | _aRURAL REVOLUTION | ||
| 650 | _aRURAL ECONOMY | ||
| 650 | _aRURAL REGENERATION | ||
| 650 | _aIRELAND | ||
| 650 | _aEIRE | ||
| 650 | _aPLANNING | ||
| 650 | _aDEVELOPMENT | ||
| 650 | _aFARMING | ||
| 650 | _aAGRICULTURE | ||
| 690 |
_aRural _96268 |
||
| 942 | _n0 | ||
| 999 |
_c101634 _d101634 |
||